000 00607nam a22001937a 4500
999 _c15342
_d15342
003 AR-CdUCM
008 190426b ||||| |||| 00| 0 spa d
020 _a978-970-718-619-4
040 _aMUNICIPALIDAD PROVINCIAL DEL CUSCO
_cBIBLIOTECA MUNICIPAL DEL CUSCO
082 _aPI / 900 /
_bD82
110 _aDisney
_933330
245 _aHistorias de héroes /
260 _aMéxico :
_bSilver dolphin,
_c2011.
300 _a43 páginas ;
_bIlustraciones,
_c25 cm.
650 _aLiteratura infantil
_9588
700 _aMoral, Susana Del (traducción)
_932914
942 _2ddc
_cLIBROS
945 _aacv
_d2019-04-26